[Event "Mercredi 2018.02.21 ABCD"]
[Site "Montreal CAN"]
[Date "2018.03.02"]
[Round "4"]
[White "Have, Didier"]
[Black "Jacquet, Stephane"]
[Result "1-0"]
[WhiteElo "2053"]
[BlackElo "1991"]
[PlyCount "81"]
[EventDate "2018.02.21"]
[EventType "tourn"]
[EventRounds "5"]
[EventCountry "CAN"]

1. d4 d5 2. Bf4 Nf6 3. e3 g6 4. Nc3 Bg7 5. h4 c6 6. Be2 h5 7. Nf3 Bg4 8. O-O
Nbd7 9. Ne5 Bxe2 10. Nxe2 Ne4 11. f3 Nxe5 12. dxe5 Nc5 13. Nd4 e6 14. Bg5 Qb6
15. f4 Qxb2 16. Qf3 Qc3 17. Rab1 Rc8 18. Qh3 Rc7 19. Rf3 b5 20. Kh2 a5 21. Rxb5
cxb5 22. Nxb5 Qxc2 23. Nxc7+ Kf8 24. Nxd5 Qxa2 25. Nf6 Bh6 26. Bxh6+ Rxh6 27.
Qg3 Qc2 28. Qe1 a4 29. Qa5 Kg7 30. Ne8+ Kf8 31. Qd8 Nb7 32. Qb8 Rh8 33. Nd6+
Kg7 34. Qxb7 Rf8 35. e4 Qd1 36. f5 exf5 37. exf5 Qe1 38. Qe7 a3 39. Rxa3 Rb8
40. Qxf7+ Kh8 41. Qf6+ 1-0

[Event "Mercredi 2018.02.21 ABCD"]
[Site "Montreal CAN"]
[Date "2018.03.14"]
[Round "4"]
[White "Jean, Robert"]
[Black "Nardone, Raul"]
[Result "1/2-1/2"]
[WhiteElo "1736"]
[BlackElo "1762"]
[PlyCount "86"]
[EventDate "2018.02.21"]
[EventType "tourn"]
[EventRounds "5"]
[EventCountry "CAN"]

1. d4 Nf6 2. c4 g6 3. Nc3 Bg7 4. e4 d6 5. Be2 O-O 6. Bg5 Nc6 7. d5 Ne5 8. h3 a5
9. Nf3 Nxf3+ 10. Bxf3 Nd7 11. O-O b6 12. Qd2 Ba6 13. Be2 Re8 14. Rad1 Nc5 15.
f3 Bc8 16. Nb5 Bd7 17. Nd4 Qc8 18. Kh2 e5 19. Nb3 Ba4 20. Qc3 Bd7 21. Nxc5 bxc5
22. Qd2 Qb7 23. Bd3 Reb8 24. Rf2 Qb4 25. Qc2 Ba4 26. b3 Bd7 27. Bd2 Qb7 28. Rb1
Qc8 29. a4 Qf8 30. Qc1 f5 31. Qe1 f4 32. Bxa5 Rb7 33. Ra2 Bf6 34. Bd2 Qh6 35.
Bf1 Bh4 36. Qd1 Bg3+ 37. Kh1 Qh4 38. Be1 Bxe1 39. Qxe1 Qxe1 40. Rxe1 Rxb3 41.
a5 Ra6 42. Kg1 Bc8 43. Kf2 Ra8 1/2-1/2

[Event "Mercredi 2018.02.21 ABCD"]
[Site "Montreal CAN"]
[Date "2018.03.14"]
[Round "4"]
[White "Li, Sherry"]
[Black "Pomerantz, Daniel"]
[Result "1-0"]
[WhiteElo "2036"]
[BlackElo "2029"]
[PlyCount "59"]
[EventDate "2018.02.21"]
[EventType "tourn"]
[EventRounds "5"]
[EventCountry "CAN"]

1. f4 e5 2. fxe5 d6 3. exd6 Bxd6 4. Nf3 Nf6 5. Nc3 O-O 6. e3 Nc6 7. Be2 Ng4 8.
O-O h5 9. Qe1 Bf5 10. d3 Re8 11. e4 Bc5+ 12. Kh1 Be6 13. Qg3 g6 14. Nb5 Bb6 15.
Bf4 Rc8 16. Ng5 a6 17. Bxg4 Bxg4 18. Nxf7 Qe7 19. Bg5 Qe6 20. Nh6+ Kg7 21. Rf7+
Qxf7 22. Nxf7 axb5 23. Qf4 Bd4 24. e5 Bf5 25. Nh6 Rxe5 26. c3 Bb6 27. d4 Rd5
28. Qf3 Rcd8 29. Bxd8 Kxh6 30. Qxd5 1-0

[Event "Mercredi 2018.02.21 ABCD"]
[Site "Montreal CAN"]
[Date "2018.03.14"]
[Round "4"]
[White "Lopez Linares, Lizandro"]
[Black "Tremblay, Alain"]
[Result "1-0"]
[WhiteElo "2242"]
[BlackElo "2070"]
[PlyCount "87"]
[EventDate "2018.02.21"]
[EventType "tourn"]
[EventRounds "5"]
[EventCountry "CAN"]

1. d4 d5 2. c4 e6 3. Nc3 Nf6 4. Nf3 Be7 5. Bf4 O-O 6. e3 c5 7. dxc5 Bxc5 8. a3
Nc6 9. b4 Be7 10. Qb3 a5 11. b5 a4 12. Qc2 Na5 13. Nd2 dxc4 14. Nxc4 Nd5 15.
Rd1 Nxc4 16. Bxc4 Qa5 17. Bxd5 exd5 18. O-O Be6 19. Nxd5 Bxa3 20. Qb1 Bxd5 21.
Rxd5 Rac8 22. Qa2 Qc3 23. h3 Qb3 24. Qxb3 axb3 25. Rd3 b6 26. Rxb3 Bc5 27. Rd1
Rfe8 28. Rd7 Kf8 29. Rbd3 Re7 30. Kh2 Ke8 31. R7d5 f6 32. h4 Kf7 33. g4 Ra8 34.
Bd6 Bxd6+ 35. Rxd6 Rb8 36. f4 Rbb7 37. Kg3 Rec7 38. Kf3 Rc5 39. R6d5 Ke7 40.
Ke4 Rbc7 41. h5 Kf7 42. Rd7+ Ke8 43. Rxc7 Rxc7 44. Rd6 1-0

[Event "Mercredi 2018.02.21 ABCD"]
[Site "Montreal CAN"]
[Date "2018.03.14"]
[Round "4"]
[White "Millette, Sylvain"]
[Black "Gates, Claude-Eric"]
[Result "1-0"]
[WhiteElo "1727"]
[BlackElo "1782"]
[PlyCount "72"]
[EventDate "2018.02.21"]
[EventType "tourn"]
[EventRounds "5"]
[EventCountry "CAN"]

1. e4 c5 2. d4 cxd4 3. c3 Nf6 4. e5 Nd5 5. Qxd4 e6 6. Nf3 Nc6 7. Qe4 f5 8. exf6
Nxf6 9. Qc2 d5 10. Bd3 e5 11. Bg6+ hxg6 12. Qxg6+ Kd7 13. O-O Qe8 14. Qg3 Nh5
15. Qg5 Qe7 16. Qe3 g6 17. Re1 Bh6 18. Qd3 Qd6 19. Bxh6 Rxh6 20. Ng5 Nd8 21.
Qe3 Rh8 22. Na3 a6 23. Rad1 Nf6 24. Nc4 Qf8 25. Nxe5+ Kc7 26. Nxg6 Qg7 27. Qe5+
Kb6 28. Nxh8 Nc6 29. Qe3+ d4 30. cxd4 Nd5 31. Qb3+ Ncb4 32. Nhf7 a5 33. a3 a4
34. Qc4 Bd7 35. axb4 Bc6 36. Qc5+ Kc7 1-0

[Event "Mercredi 2018.02.21 ABCD"]
[Site "Montreal CAN"]
[Date "2018.03.14"]
[Round "4"]
[White "Nesterov, Timour"]
[Black "Baran, Marius"]
[Result "1-0"]
[WhiteElo "1847"]
[BlackElo "1851"]
[PlyCount "23"]
[EventDate "2018.02.21"]
[EventType "tourn"]
[EventRounds "5"]
[EventCountry "CAN"]

1. d4 d5 2. Bf4 Nf6 3. e3 c6 4. Bd3 Bg4 5. f3 Be6 6. Ne2 Nbd7 7. Nbc3 g6 8. e4
dxe4 9. fxe4 Bg7 10. Qd2 Qa5 11. O-O O-O-O 12. Nd5 1-0

[Event "Mercredi 2018.02.21 ABCD"]
[Site "Montreal CAN"]
[Date "2018.03.21"]
[Round "5"]
[White "Baran, Marius"]
[Black "Barko, Maxim"]
[Result "1/2-1/2"]
[WhiteElo "1851"]
[BlackElo "1949"]
[PlyCount "150"]
[EventDate "2018.02.21"]
[EventType "tourn"]
[EventRounds "5"]
[EventCountry "CAN"]

1. e4 e5 2. Nf3 Nc6 3. d4 exd4 4. Bc4 Nf6 5. e5 d5 6. Bb5 Ne4 7. Nxd4 Bd7 8.
Bxc6 bxc6 9. O-O Bc5 10. Be3 Bb6 11. f3 Nc5 12. c4 Ne6 13. Qd2 Bxd4 14. Bxd4
Qh4 15. f4 Nxd4 16. Qxd4 O-O 17. cxd5 Rfd8 18. Nc3 cxd5 19. Qxd5 Rab8 20. Qc5
Rxb2 21. Rf2 Rxf2 22. Qxf2 Qxf2+ 23. Kxf2 Bc6 24. Rd1 Rb8 25. Rd2 Kf8 26. g3 h5
27. Ke3 a5 28. Rd4 Rb4 29. Nd5 Bxd5 30. Rxd5 Rb2 31. Rxa5 Rxh2 32. a4 Rh3 33.
Kf2 Rh2+ 34. Kf3 Ke7 35. Rc5 Kd7 36. f5 Rh1 37. a5 Ra1 38. Kf4 Ra4+ 39. Kf3 g5
40. e6+ fxe6 41. fxe6+ Kxe6 42. Rxg5 Ra3+ 43. Ke4 Ra4+ 44. Kf3 h4 45. gxh4 Rxh4
46. Rg4 Rh3+ 47. Ke4 Ra3 48. a6 Ra4+ 49. Kf3 Ra3+ 50. Ke2 Kd5 51. Rg7 Kc6 52.
Rg6+ Kb5 53. Kd2 Rxa6 54. Rg5+ Kc4 55. Rg4+ Kb3 56. Rg5 Rd6+ 57. Kc1 Rd4 58.
Rg3+ Kb4 59. Kc2 c5 60. Rb3+ Kc4 61. Rc3+ Kd5 62. Rh3 Rg4 63. Kc3 Rc4+ 64. Kb3
Rb4+ 65. Kc3 Ra4 66. Rh5+ Kc6 67. Rh6+ Kb5 68. Rh8 Ra3+ 69. Kb2 Rg3 70. Rh4 c4
71. Rh8 Kc5 72. Rc8+ Kd4 73. Rd8+ Ke3 74. Kc3 Rg4 75. Re8+ Re4 1/2-1/2

[Event "Mercredi 2018.02.21 ABCD"]
[Site "Montreal CAN"]
[Date "2018.03.21"]
[Round "5"]
[White "Boudreau, Daniel"]
[Black "Langlois-Remillard, Alexis"]
[Result "1/2-1/2"]
[WhiteElo "2118"]
[BlackElo "2068"]
[PlyCount "92"]
[EventDate "2018.02.21"]
[EventType "tourn"]
[EventRounds "5"]
[EventCountry "CAN"]

1. e4 e6 2. d4 d5 3. e5 c5 4. c3 Nc6 5. Nf3 Nh6 6. Bd3 cxd4 7. Bxh6 gxh6 8.
cxd4 Qb6 9. O-O Qxb2 10. Nbd2 Nxd4 11. Qa4+ Nc6 12. Bb5 Bd7 13. Nb3 Qa3 14. Qf4
Bg7 15. Rfc1 O-O 16. Nc5 Bc8 17. Bxc6 bxc6 18. Nd4 Ba6 19. Nd7 Rfc8 20. Nf6+
Kh8 21. Nxc6 Bc4 22. Nd4 Rab8 23. Ng4 Qe7 24. Nxh6 f6 25. Ng4 fxe5 26. Nxe5 Qf6
27. Qxf6 Bxf6 28. f4 Rb2 29. a4 Rg8 30. g3 Bxe5 31. fxe5 h5 32. Rc2 Rxc2 33.
Nxc2 Rg5 34. Re1 h4 35. Kg2 Bd3 36. Nd4 Be4+ 37. Kf2 hxg3+ 38. hxg3 Rxe5 39.
Rc1 a6 40. Rc6 Bd3 41. Rxe6 Rxe6 42. Nxe6 a5 43. Ke3 Bc2 44. Nc5 Kg7 45. Kd4
Kg6 46. Kxd5 Kg5 1/2-1/2

[Event "Mercredi 2018.02.21 ABCD"]
[Site "Montreal CAN"]
[Date "2018.03.21"]
[Round "5"]
[White "Brassard, Sylvain"]
[Black "Nesterov, Timour"]
[Result "0-1"]
[WhiteElo "1884"]
[BlackElo "1847"]
[PlyCount "62"]
[EventDate "2018.02.21"]
[EventType "tourn"]
[EventRounds "5"]
[EventCountry "CAN"]

1. d4 e6 2. Nf3 f5 3. Bf4 Nf6 4. e3 b6 5. Be2 Bb7 6. O-O Be7 7. h3 O-O 8. a4
Ne4 9. Nfd2 Nxd2 10. Nxd2 Bf6 11. Nc4 d6 12. Bf3 Bxf3 13. Qxf3 Nd7 14. c3 Kh8
15. Nd2 e5 16. Bh2 Bg5 17. Qe2 Qf6 18. Qb5 Rf7 19. f4 Bh6 20. Qc6 Re8 21. g4
exf4 22. exf4 Re2 23. Nc4 fxg4 24. Rae1 Rxe1 25. Rxe1 Bxf4 26. Qa8+ Rf8 27. Qg2
Bxh2+ 28. Kxh2 gxh3 29. Kxh3 Qh6+ 30. Kg3 Qg5+ 31. Kh2 Qh4+ 0-1

[Event "Mercredi 2018.02.21 ABCD"]
[Site "Montreal CAN"]
[Date "2018.03.21"]
[Round "5"]
[White "Dumouchel, Alain"]
[Black "Jean, Robert"]
[Result "1/2-1/2"]
[WhiteElo "1809"]
[BlackElo "1736"]
[PlyCount "58"]
[EventDate "2018.02.21"]
[EventType "tourn"]
[EventRounds "5"]
[EventCountry "CAN"]

1. e4 c5 2. Nf3 Nc6 3. Bb5 d6 4. Bxc6+ bxc6 5. O-O e5 6. h3 Be7 7. b3 f5 8. d3
Nf6 9. Nc3 O-O 10. Bg5 h6 11. Bd2 Nh7 12. exf5 Bxf5 13. Qe2 Qc7 14. Rae1 Rae8
15. Ne4 Bc8 16. Nh2 d5 17. Nc3 Bd6 18. f4 Bd7 19. Qf2 exf4 20. Ne2 g5 21. Kh1
Kg7 22. Ng1 Nf6 23. Ngf3 Nh5 24. Rxe8 Ng3+ 25. Kg1 Rxe8 26. Re1 Qd8 27. Nf1 Nf5
28. N1h2 Rxe1+ 29. Qxe1 Qe7 1/2-1/2

[Event "Mercredi 2018.02.21 ABCD"]
[Site "Montreal CAN"]
[Date "2018.03.21"]
[Round "5"]
[White "Gates, Claude-Eric"]
[Black "Guipi Bopala, Prince Eric jr"]
[Result "0-1"]
[WhiteElo "1782"]
[BlackElo "1838"]
[PlyCount "146"]
[EventDate "2018.02.21"]
[EventType "tourn"]
[EventRounds "5"]
[EventCountry "CAN"]

1. d4 f5 2. Bg5 g6 3. Nc3 Bg7 4. h4 Nf6 5. e3 b6 6. Bxf6 Bxf6 7. h5 Bb7 8. hxg6
hxg6 9. Rxh8+ Bxh8 10. Nf3 e6 11. Qd2 Qe7 12. O-O-O d6 13. Bc4 Nd7 14. Nb5 Nf8
15. Qb4 a6 16. Na3 O-O-O 17. Be2 Nd7 18. g3 Bf6 19. Nc4 Qf7 20. Qa3 e5 21. c3
e4 22. Ne1 d5 23. Nd2 Nb8 24. c4 Be7 25. Qc3 Rh8 26. Nf1 Qf6 27. a3 g5 28. Kb1
Bd6 29. Rc1 Qe7 30. b4 dxc4 31. Bxc4 Nd7 32. Nc2 Kb8 33. d5 Ne5 34. Nd4 b5 35.
Nxf5 Qd7 36. Nxd6 Qxd6 37. Bb3 Rf8 38. Rc2 Nd3 39. Nd2 Nxf2 40. Qg7 Rd8 41. Qh7
Qxg3 42. Nxe4 Nxe4 43. Qxe4 Qd6 44. Qh7 g4 45. Qg7 g3 46. e4 Re8 47. Qg4 Qe5
48. Rg2 Qxe4+ 49. Qxe4 Rxe4 50. Rxg3 Kc8 51. Rd3 Kd7 52. Kc2 Kd6 53. Kc3 Re5
54. a4 Bxd5 55. Rh3 Bxb3 56. Kxb3 Re4 57. Rh6+ Re6 58. Rh3 Kd5 59. axb5 axb5
60. Rh7 Re3+ 61. Kc2 c6 62. Rh6 Re6 63. Rh4 Re4 64. Rh5+ Kc4 65. Rc5+ Kxb4 66.
Rxc6 Rc4+ 67. Rxc4+ Kxc4 68. Kb2 Kb4 69. Ka2 Kc3 70. Kb1 Kb3 71. Ka1 Ka3 72.
Kb1 b4 73. Kc2 Ka2 0-1

[Event "Mercredi 2018.02.21 ABCD"]
[Site "Montreal CAN"]
[Date "2018.03.21"]
[Round "5"]
[White "Jacquet, Stephane"]
[Black "Li, Sherry"]
[Result "0-1"]
[WhiteElo "1991"]
[BlackElo "2036"]
[PlyCount "144"]
[EventDate "2018.02.21"]
[EventType "tourn"]
[EventRounds "5"]
[EventCountry "CAN"]

1. d4 d5 2. c4 c6 3. Nc3 Nf6 4. Nf3 e6 5. cxd5 exd5 6. Qc2 h6 7. Bf4 Bd6 8. g3
O-O 9. Bg2 Re8 10. O-O Bxf4 11. gxf4 Nh5 12. e3 Qf6 13. Ne5 Bf5 14. Qe2 Qh4 15.
Bf3 Nf6 16. Kh1 Na6 17. Rg1 Nc7 18. b4 Rad8 19. a4 Ne6 20. Rad1 a6 21. Rg3 a5
22. bxa5 c5 23. dxc5 d4 24. Nb5 d3 25. Nxd3 Bxd3 26. Rxd3 Nxf4 27. exf4 Rxe2
28. Rxd8+ Re8 29. Rxe8+ Nxe8 30. Nd6 Qxf4 31. Nxe8 Qxa4 32. Nd6 Qd4 33. Kg2
Qxc5 34. Nxb7 Qb5 35. Rg4 h5 36. Rd4 Qg5+ 37. Kf1 Qc1+ 38. Ke2 Qb2+ 39. Rd2
Qe5+ 40. Kf1 Qb5+ 41. Ke1 Qe5+ 42. Kd1 Qa1+ 43. Ke2 Qe5+ 44. Kd3 Qf5+ 45. Be4
Qb5+ 46. Kc3 Qe5+ 47. Rd4 f5 48. Bd5+ Kh7 49. Kc4 Qe2+ 50. Kc5 Qc2+ 51. Bc4
Qxf2 52. a6 Qxh2 53. Nd6 Qe5+ 54. Rd5 Qg3 55. Kc6 f4 56. Rxh5+ Kg6 57. Bf7+ Kf6
58. Rf5+ Ke7 59. Nc8+ Kd8 60. Nd6 Qf3+ 61. Bd5 Qc3+ 62. Nc4 Qb4 63. Rxf4 Qa4+
64. Kb6 Qb4+ 65. Kc6 Qa4+ 66. Kb6 Qb4+ 67. Ka7 Qc5+ 68. Kb7 Qc7+ 69. Ka8 Qxf4
70. Nb6 Qd6 71. Ka7 Qc5 72. Bb7 Kc7 0-1

[Event "Mercredi 2018.02.21 ABCD"]
[Site "Montreal CAN"]
[Date "2018.03.19"]
[Round "5"]
[White "Nardone, Raul"]
[Black "Millette, Sylvain"]
[Result "1-0"]
[WhiteElo "1762"]
[BlackElo "1727"]
[PlyCount "57"]
[EventDate "2018.02.21"]
[EventType "tourn"]
[EventRounds "5"]
[EventCountry "CAN"]

1. Nf3 Nf6 2. g3 g6 3. b3 b6 4. Bb2 d5 5. Bg2 Bg7 6. c4 dxc4 7. Ne5 Nfd7 8. Nc6
Nxc6 9. Bxg7 Rg8 10. Bxc6 Rb8 11. Bb2 cxb3 12. Qxb3 Bb7 13. Qf3 Bxc6 14. Qxc6
Kf8 15. O-O Nc5 16. d4 Ne6 17. Rd1 Qc8 18. Nc3 Qa6 19. d5 Nd8 20. Qd7 Qb7 21.
Ba3 c5 22. dxc6 Nxc6 23. Qxb7 Rxb7 24. Nd5 Kg7 25. Rac1 Rc8 26. Rc2 e6 27. Bb2+
Kf8 28. Nb4 Ne7 29. Rxc8+ 1-0

[Event "Mercredi 2018.02.21 ABCD"]
[Site "Montreal CAN"]
[Date "2018.03.21"]
[Round "5"]
[White "Pomerantz, Daniel"]
[Black "Nunez, Omar"]
[Result "1/2-1/2"]
[WhiteElo "2029"]
[BlackElo "1968"]
[PlyCount "34"]
[EventDate "2018.02.21"]
[EventType "tourn"]
[EventRounds "5"]
[EventCountry "CAN"]

1. e4 d5 2. exd5 Qxd5 3. Nc3 Qa5 4. d4 Nf6 5. Nf3 Nc6 6. Bc4 Bg4 7. h3 Bxf3 8.
Qxf3 O-O-O 9. d5 Nd4 10. Qd3 e5 11. O-O Kb8 12. a3 c6 13. Bg5 cxd5 14. Bxf6
gxf6 15. Nxd5 Rxd5 16. Bxd5 Qxd5 17. c3 Qb3 1/2-1/2

[Event "Mercredi 2018.02.21 ABCD"]
[Site "Montreal CAN"]
[Date "2018.03.21"]
[Round "5"]
[White "Zhe, Jia"]
[Black "Have, Didier"]
[Result "0-1"]
[WhiteElo "1973"]
[BlackElo "2053"]
[PlyCount "106"]
[EventDate "2018.02.21"]
[EventType "tourn"]
[EventRounds "5"]
[EventCountry "CAN"]

1. Nf3 d6 2. c4 Nf6 3. g3 g6 4. Bg2 Bg7 5. Nc3 O-O 6. Rb1 c5 7. O-O Nc6 8. a3
Bf5 9. d3 Qd7 10. b4 Bh3 11. bxc5 dxc5 12. Na4 b6 13. Bb2 Bxg2 14. Kxg2 Rfd8
15. Nc3 Qb7 16. e4 Ng4 17. Nd5 e6 18. Bxg7 Kxg7 19. Nf4 Nge5 20. Nxe5 Nxe5 21.
Qc2 Nxd3 22. f3 Nxf4+ 23. gxf4 Rd4 24. Rfd1 Rad8 25. Rxd4 Rxd4 26. Rd1 Qd7 27.
Rxd4 Qxd4 28. a4 h5 29. h4 Kf8 30. f5 exf5 31. exf5 Qxh4 32. fxg6 Qg5+ 33. Kf2
Qxg6 34. Qd2 Kg7 35. Qf4 Kh7 36. Kf1 Kg7 37. Qh4 Qb1+ 38. Kg2 Qc2+ 39. Kf1 Qd3+
40. Kg2 Qe2+ 41. Kg1 Qxf3 42. Qg5+ Kh7 43. Qe7 Qg4+ 44. Kh2 Qxc4 45. Qxa7 Qe6
46. Qa6 c4 47. a5 bxa5 48. Qxa5 Kg6 49. Qa8 Kg7 50. Qa1+ Qf6 51. Qg1+ Kh7 52.
Qb1+ Qg6 53. Qe1 h4 0-1

[Event "Mercredi 2018.02.21 ABCD"]
[Site "Montreal CAN"]
[Date "2018.03.21"]
[Round "5"]
[White "Zheng, Richard"]
[Black "Lopez Linares, Lizandro"]
[Result "0-1"]
[WhiteElo "2098"]
[BlackElo "2242"]
[PlyCount "68"]
[EventDate "2018.02.21"]
[EventType "tourn"]
[EventRounds "5"]
[EventCountry "CAN"]

1. d4 d5 2. c4 c6 3. Nf3 Nf6 4. Nc3 dxc4 5. a4 Bf5 6. e3 e6 7. Bxc4 Bb4 8. Qe2
O-O 9. O-O Bg4 10. h3 Bxf3 11. Qxf3 Nbd7 12. Rd1 Qe7 13. e4 e5 14. d5 Rad8 15.
dxc6 bxc6 16. Bg5 h6 17. Bxf6 Nxf6 18. Ne2 g6 19. Ng3 Bc5 20. b3 Bd4 21. Rac1
Rd6 22. Rd3 Rfd8 23. Rcd1 Nd7 24. Qg4 Kh7 25. Kf1 h5 26. Nxh5 gxh5 27. Qf5+ Kg7
28. Qxh5 Rg6 29. f4 Nc5 30. Rf3 Nxe4 31. Bd3 exf4 32. Bxe4 Qxe4 33. Re1 Be3 34.
Qh4 Qxf3+ 0-1

[Event "Mercredi 2018.02.21 ABCD"]
[Site "Montreal CAN"]
[Date "2018.03.21"]
[Round "5"]
[White "Zumsteg, Nicolas"]
[Black "Chang, Alexander RZ"]
[Result "0-1"]
[WhiteElo "1860"]
[BlackElo "1899"]
[PlyCount "88"]
[EventDate "2018.02.21"]
[EventType "tourn"]
[EventRounds "5"]
[EventCountry "CAN"]

1. e4 e5 2. Nf3 Nc6 3. Bc4 Bc5 4. c3 Nf6 5. d4 exd4 6. cxd4 Bb4+ 7. Nc3 Nxe4 8.
O-O Bxc3 9. d5 Ne5 10. bxc3 Nxc4 11. Qd4 O-O 12. Qxe4 Nb6 13. Re1 d6 14. Ng5 f5
15. Qd3 Bd7 16. Ne6 Bxe6 17. Rxe6 Nd7 18. Qg3 Rf7 19. Bg5 Qf8 20. Rae1 Nc5 21.
Re7 Ne4 22. Rxf7 Qxf7 23. Qh4 Nxg5 24. Qxg5 Re8 25. Rxe8+ Qxe8 26. Qd2 Qe4 27.
f3 Qe5 28. f4 Qe4 29. Kf2 Kf7 30. h4 h5 31. Kg3 g6 32. Kf2 Ke7 33. Kg3 c6 34.
dxc6 bxc6 35. Kf2 d5 36. Kg3 Ke6 37. Kh3 c5 38. Kg3 d4 39. cxd4 cxd4 40. Kf2 d3
41. g3 Qd4+ 42. Kf3 Qc4 43. Qb2 Qc6+ 44. Kf2 Qc2+ 0-1

[Event "Mercredi 2018.04.04 ABCD"]
[Site "Montreal CAN"]
[Date "2018.04.04"]
[Round "1"]
[White "Baran, Marius"]
[Black "Charette, Nicolas"]
[Result "1/2-1/2"]
[WhiteElo "1851"]
[BlackElo "1833"]
[PlyCount "67"]
[EventDate "2018.04.04"]
[EventType "tourn"]
[EventRounds "5"]
[EventCountry "CAN"]

1. e4 e5 2. Nf3 Nc6 3. d4 exd4 4. Bc4 Nf6 5. e5 d5 6. Bb5 Ne4 7. Nxd4 Bc5 8.
Be3 Bd7 9. Bxc6 bxc6 10. O-O Qe7 11. f3 Nd6 12. f4 Nc4 13. Bc1 O-O 14. Kh1 f6
15. exf6 Rxf6 16. Re1 Qf7 17. b3 Nd6 18. Be3 Re8 19. c3 Ne4 20. a4 Bd6 21. Ne2
Bxf4 22. Nxf4 Rxf4 23. Nd2 Nf2+ 24. Bxf2 Rxf2 25. Nf3 Rxe1+ 26. Qxe1 Rb2 27.
Rb1 Rxb1 28. Qxb1 Qf4 29. Qe1 Qd6 30. b4 Qe6 31. Qxe6+ Bxe6 32. Ne5 Kf8 33.
Nxc6 Bd7 34. Nd4 1/2-1/2

[Event "Mercredi 2018.04.04 ABCD"]
[Site "Montreal CAN"]
[Date "2018.04.04"]
[Round "1"]
[White "Beaulieu, Eric"]
[Black "Zheng, Richard"]
[Result "1-0"]
[WhiteElo "2243"]
[BlackElo "2094"]
[PlyCount "139"]
[EventDate "2018.04.04"]
[EventType "tourn"]
[EventRounds "5"]
[EventCountry "CAN"]

1. d4 d5 2. c4 e6 3. Nf3 c6 4. e3 f5 5. Bd3 Nf6 6. O-O Bd6 7. b3 O-O 8. Nc3 Ne4
9. Ne2 Nd7 10. Bb2 b6 11. Ne5 Bb7 12. Nf4 Qe7 13. f3 Ng5 14. Rc1 Nf7 15. Nxd7
Qxd7 16. Qc2 g6 17. Qd2 e5 18. dxe5 Bxe5 19. cxd5 cxd5 20. Bxe5 Nxe5 21. Be2
Rfd8 22. Rfd1 Qe7 23. Rc2 Rd6 24. Bf1 Rad8 25. Qf2 Qd7 26. Rcd2 Bc6 27. a4 h6
28. Qg3 Kh7 29. h4 Qe7 30. Kf2 a5 31. Rd4 Qf6 32. Bd3 Rg8 33. Bb1 Rgd8 34. Qh3
Qf7 35. h5 Rf8 36. hxg6+ Nxg6 37. Nxg6 Qxg6 38. g4 Bd7 39. Rxd5 Rxd5 40. Rxd5
Qc6 41. Rd4 Bc8 42. gxf5 Rf6 43. Rc4 Qd7 44. Ke2 Ba6 45. Qh4 Bxc4+ 46. Qxc4 Qd6
47. f4 Qc6 48. e4 h5 49. Kf3 Qxc4 50. bxc4 Kg7 51. e5 Rh6 52. f6+ Kf7 53. c5
bxc5 54. Ba2+ Kf8 55. Ke4 h4 56. Kf5 h3 57. Bd5 h2 58. Bh1 Rh7 59. e6 c4 60.
e7+ Rxe7 61. fxe7+ Kxe7 62. Ke4 Kd6 63. Kd4 Ke6 64. Kxc4 Kf5 65. Kb5 Kxf4 66.
Kxa5 Ke3 67. Kb6 Kf2 68. a5 Kg1 69. Bd5 h1=R 70. Bxh1 1-0

[Event "Mercredi 2018.04.04 ABCD"]
[Site "Montreal CAN"]
[Date "2018.04.04"]
[Round "1"]
[White "Chang, Alexander RZ"]
[Black "Barko, Maxim"]
[Result "0-1"]
[WhiteElo "1961"]
[BlackElo "1949"]
[PlyCount "70"]
[EventDate "2018.04.04"]
[EventType "tourn"]
[EventRounds "5"]
[EventCountry "CAN"]

1. e4 c5 2. Nf3 Nc6 3. d4 cxd4 4. Nxd4 Nf6 5. Nxc6 bxc6 6. Bd3 g6 7. O-O Bg7 8.
Nd2 d6 9. c4 O-O 10. Nf3 Nd7 11. Qe2 Nc5 12. Rb1 Bg4 13. h3 Bxf3 14. Qxf3 Rb8
15. b3 Ne6 16. Bb2 Nd4 17. Qe3 Qb6 18. Rfc1 c5 19. Bc3 a5 20. Qd2 Ra8 21. Kf1
Ra7 22. Kg1 Kh8 23. Re1 e6 24. Bc2 Qd8 25. Kh2 Qh4 26. Bxd4 Bxd4 27. Rf1 f5 28.
exf5 gxf5 29. f4 Rg7 30. Bd1 Qg3+ 31. Kh1 Be3 32. Qc2 Bxf4 33. Rxf4 Qxf4 34.
Bf3 e5 35. Bd5 e4 0-1

[Event "Mercredi 2018.04.04 ABCD"]
[Site "Montreal CAN"]
[Date "2018.04.04"]
[Round "1"]
[White "Jureidini, Gabriel"]
[Black "Jean, Robert"]
[Result "1-0"]
[WhiteElo "1764"]
[BlackElo "1763"]
[PlyCount "71"]
[EventDate "2018.04.04"]
[EventType "tourn"]
[EventRounds "5"]
[EventCountry "CAN"]

1. e4 c5 2. Nf3 Nc6 3. d4 cxd4 4. Nxd4 Nf6 5. Nxc6 bxc6 6. Bd3 e5 7. O-O Qb6 8.
Nd2 Be7 9. Nc4 Qc7 10. f4 d6 11. Kh1 O-O 12. fxe5 dxe5 13. Qf3 Be6 14. Bd2 Kh8
15. Rae1 Bxc4 16. Bxc4 Rae8 17. Qh3 Qc8 18. Qb3 Qg4 19. Qe3 Rd8 20. Bc3 Bd6 21.
Rf5 Nd5 22. Bxd5 cxd5 23. Bxe5 Bxe5 24. Rxe5 d4 25. Qd3 Qh4 26. Rd1 Qf2 27. Rf5
Qe3 28. Rf3 Qg5 29. Rdf1 Qe7 30. Qc4 f6 31. Qd3 Rfe8 32. Rf4 Qe5 33. Rh4 Qe7
34. e5 g5 35. exf6 Qf7 36. Rxd4 1-0

[Event "Mercredi 2018.04.04 ABCD"]
[Site "Montreal CAN"]
[Date "2018.04.04"]
[Round "1"]
[White "Nardone, Raul"]
[Black "Gates, Claude-Eric"]
[Result "1/2-1/2"]
[WhiteElo "1807"]
[BlackElo "1749"]
[PlyCount "58"]
[EventDate "2018.04.04"]
[EventType "tourn"]
[EventRounds "5"]
[EventCountry "CAN"]

1. d4 Nf6 2. Nf3 d5 3. Bf4 Bf5 4. e3 e6 5. Be2 Be7 6. O-O O-O 7. c4 dxc4 8.
Bxc4 c6 9. Nc3 Nbd7 10. Qe2 Rc8 11. Rfd1 Bg4 12. h3 Bxf3 13. Qxf3 Re8 14. e4 b5
15. Bf1 b4 16. Ne2 Nf8 17. Ng3 Ng6 18. Be3 Qa5 19. e5 Nd5 20. Ne4 Qd8 21. Rac1
c5 22. dxc5 Nxe5 23. Qg3 Ng6 24. Bg5 Qa5 25. Nd6 Bxd6 26. cxd6 Qa4 27. Rxc8
Rxc8 28. Rc1 Rxc1 29. Bxc1 Qc6 1/2-1/2

[Event "Mercredi 2018.04.04 ABCD"]
[Site "Montreal CAN"]
[Date "2018.04.04"]
[Round "1"]
[White "Nesterov, Timour"]
[Black "Abdelaal, Ibrahim"]
[Result "1-0"]
[WhiteElo "1857"]
[BlackElo "1829"]
[PlyCount "81"]
[EventDate "2018.04.04"]
[EventType "tourn"]
[EventRounds "5"]
[EventCountry "CAN"]

1. d4 Nf6 2. Bf4 c5 3. e3 e6 4. Bd3 cxd4 5. exd4 b6 6. Nf3 Bb7 7. Nbd2 Be7 8.
c3 O-O 9. Qe2 d6 10. O-O Nbd7 11. Rfe1 Re8 12. Ng5 Nf8 13. Nde4 Nxe4 14. Nxe4
Ng6 15. Bg3 Rc8 16. Qh5 Bxe4 17. Rxe4 d5 18. Re3 Bg5 19. f4 Bh6 20. Rf3 f5 21.
h3 Qd7 22. Bh2 Qe7 23. Rff1 Qh4 24. Qf3 Nh8 25. g4 fxg4 26. hxg4 Rf8 27. Qe2
Rce8 28. g5 Bxg5 29. fxg5 Qxg5+ 30. Kh1 Ng6 31. Rxf8+ Nxf8 32. Rg1 Qh6 33. Qg4
e5 34. dxe5 Ne6 35. Bf5 a5 36. Bxe6+ Rxe6 37. Rf1 g5 38. Qf5 a4 39. Qf7+ Kh8
40. Rf6 Rxf6 41. exf6 1-0

[Event "Mercredi 2018.04.04 ABCD"]
[Site "Montreal CAN"]
[Date "2018.04.04"]
[Round "1"]
[White "Nunez, Omar"]
[Black "Jacquet, Stephane"]
[Result "0-1"]
[WhiteElo "1979"]
[BlackElo "1932"]
[PlyCount "76"]
[EventDate "2018.04.04"]
[EventType "tourn"]
[EventRounds "5"]
[EventCountry "CAN"]

1. f4 g6 2. g3 Bg7 3. Bg2 c5 4. e4 d6 5. d3 Nc6 6. Nc3 e6 7. Nh3 Nge7 8. O-O
O-O 9. Kh1 Rb8 10. g4 f5 11. gxf5 exf5 12. Nd5 Nxd5 13. exd5 Ne7 14. Ng5 h6 15.
Ne6 Bxe6 16. dxe6 d5 17. c3 b5 18. Be3 Qd6 19. Qe1 Rfc8 20. Bf2 a5 21. Bh4 d4
22. Rd1 b4 23. c4 Rb6 24. Qg3 Kh7 25. Bxe7 Qxe7 26. Bd5 Bf6 27. Rg1 Rg8 28. Qf3
Rg7 29. Rde1 Qc7 30. Re2 Be7 31. Rf1 Rb8 32. Qh3 Bd6 33. Ref2 Qe7 34. Rf3 h5
35. Rg1 Qf6 36. Rg5 Bxf4 37. Rg2 Be3 38. Be4 Rf8 0-1